[Event "DVM U20w 2003"]
[Site "Ditzingen GER"]
[Date "2003.12.29"]
[Round "6"]
[White "Rezai, Yuanne"]
[Black "Winnicki, Alice"]
[Result "0-1"]
[Termination "normal"]
[Board "1.1"]
[WhiteElo "1827"]
[BlackElo "2032"]
[WhiteTeam "SF Wadgassen-Differten"]
[BlackTeam "SK Johanneum Eppendorf"]
[PlyCount "82"]
[BlackFideId "4687990"]
[EventCountry "GER"]
[EventRounds "7"]
[EventType "team-swiss"]
[EventDate "2003.12.26"]

1. c4 c5 2. Nc3 e6 3. e4 d6 4. g3 b6 5. Bg2 Bb7 6. Nge2 a6 7. O-O Qc7 8. b3 Nf6
9. Bb2 Be7 10. d4 cxd4 11. Nxd4 O-O 12. Qc2 Nbd7 13. Rad1 Rac8 14. Rd2 Qb8 15.
Qb1 Qa8 16. Nde2 Nc5 17. f3 Rfd8 18. Rfd1 Ne8 19. Nf4 Bg5 20. Re2 Nc7 21. h4
Bxf4 22. gxf4 d5 23. exd5 exd5 24. Qf5 N5e6 25. Qg4 f5 26. Qxf5 Rf8 27. Qe5
Nxf4 28. Red2 d4 29. Rxd4 Ng6 30. Qg3 Ne6 31. Rd7 Bc6 32. Nd5 Bxd7 33. Nxb6 Qa7
34. Qd6 Rfd8 35. Bh3 Ngf4 36. Bxe6+ Nxe6 37. c5 Rxc5 38. Bd4 Rc6 39. Qe7 Qc7
40. Nd5 Qg3+ 41. Kf1 Qxf3+ 0-1

[Event "DVM U20w 2003"]
[Site "Ditzingen GER"]
[Date "2003.12.29"]
[Round "6"]
[White "Chin, Karin"]
[Black "Thiery, Jennifer"]
[Result "1-0"]
[Termination "normal"]
[Board "1.2"]
[WhiteElo "1775"]
[BlackElo "1688"]
[WhiteTeam "SK Johanneum Eppendorf"]
[BlackTeam "SF Wadgassen-Differten"]
[PlyCount "123"]
[WhiteFideId "24608157"]
[EventCountry "GER"]
[EventRounds "7"]
[EventType "team-swiss"]
[EventDate "2003.12.26"]

1. e4 c5 2. Nf3 Nc6 3. d4 cxd4 4. Nxd4 g6 5. Be3 Bg7 6. c4 d6 7. Nc3 Nf6 8. Be2
O-O 9. O-O Bd7 10. Qd2 Ng4 11. Bxg4 Bxg4 12. f3 Bd7 13. Rfd1 Rc8 14. b3 a6 15.
Rac1 Re8 16. Nd5 Qa5 17. b4 Qd8 18. Ne2 Be6 19. Nef4 Bxd5 20. Nxd5 Ne5 21. Nb6
Rb8 22. a4 Nd7 23. a5 Nxb6 24. Bxb6 Qc8 25. c5 dxc5 26. Rxc5 Qe6 27. Qd5 Qxd5
28. Rdxd5 Rec8 29. Rd7 Rxc5 30. Bxc5 Bf6 31. Ba7 Rc8 32. Rxb7 Rc1+ 33. Kf2 Rc2+
34. Kg3 Be5+ 35. Kh3 Bd6 36. Bb8 Rc6 37. Bxd6 exd6 38. Rb6 Rc4 39. Kg3 Kf8 40.
Kf2 Ke7 41. Ke3 Kd7 42. Kd3 Rc6 43. Rb7+ Ke6 44. f4 h6 45. g4 f5 46. exf5+ gxf5
47. Rb6 Rc1 48. gxf5+ Kxf5 49. Rxa6 Kxf4 50. b5 Rb1 51. b6 d5 52. Kd4 Rd1+ 53.
Kc3 d4+ 54. Kc2 Rh1 55. b7 Rxh2+ 56. Kd3 Rb2 57. Rb6 Rg2 58. b8=Q+ Kg4 59. Rg6+
Kh3 60. Rxg2 Kxg2 61. Qb7+ Kg3 62. Qh7 1-0

[Event "DVM U20w 2003"]
[Site "Ditzingen GER"]
[Date "2003.12.29"]
[Round "6"]
[White "Dietzen, Corinna"]
[Black "Schmidt, Jade"]
[Result "1/2-1/2"]
[Termination "normal"]
[Board "1.3"]
[WhiteElo "1598"]
[BlackElo "1699"]
[WhiteTeam "SF Wadgassen-Differten"]
[BlackTeam "SK Johanneum Eppendorf"]
[PlyCount "52"]
[WhiteFideId "24621021"]
[EventCountry "GER"]
[EventRounds "7"]
[EventType "team-swiss"]
[EventDate "2003.12.26"]

1. c4 Nf6 2. Nc3 g6 3. g3 d5 4. cxd5 Nxd5 5. Bg2 Nb6 6. Nf3 Bg7 7. d3 Nc6 8.
Bf4 O-O 9. O-O Bd7 10. Qc1 Qc8 11. Bh6 Bh3 12. Bxg7 Kxg7 13. a3 Bxg2 14. Kxg2
Qd7 15. b4 Nd4 16. Nxd4 Qxd4 17. Qb2 Nd5 18. Na4 Qxb2 19. Nxb2 Rac8 20. Rac1 c6
21. Na4 Rfd8 22. Rc2 e6 23. Rfc1 Kf8 24. Nc5 Rb8 25. Ne4 Ke7 26. Ng5 h6 1/2-1/2

[Event "DVM U20w 2003"]
[Site "Ditzingen GER"]
[Date "2003.12.29"]
[Round "6"]
[White "Rohlfs, Ricarda"]
[Black "Ley, Janine"]
[Result "1/2-1/2"]
[Termination "normal"]
[Board "1.4"]
[WhiteElo "1671"]
[BlackElo "1388"]
[WhiteTeam "SK Johanneum Eppendorf"]
[BlackTeam "SF Wadgassen-Differten"]
[PlyCount "98"]
[BlackFideId "24671274"]
[EventCountry "GER"]
[EventRounds "7"]
[EventType "team-swiss"]
[EventDate "2003.12.26"]

1. e4 d6 2. d4 g6 3. Nc3 Bg7 4. Be3 Nd7 5. Qd2 e5 6. O-O-O Ngf6 7. f3 O-O 8.
dxe5 Nxe5 9. Bh6 Bd7 10. Bxg7 Kxg7 11. g4 h5 12. gxh5 Nxh5 13. Be2 Qh4 14. Rf1
Qf4 15. Nd5 Qxd2+ 16. Kxd2 c6 17. Ne3 Nf4 18. c3 Be6 19. a3 Rad8 20. Nd1 d5 21.
Ke3 Nh5 22. f4 Ng4+ 23. Bxg4 Bxg4 24. Nf2 Be6 25. e5 f6 26. Ne2 Rde8 27. Nd3
Bf5 28. Nec1 fxe5 29. fxe5 Nf6 30. Kd2 Ne4+ 31. Kd1 c5 32. Rhg1 c4 33. Nf4 Rxe5
34. Nxg6 Bxg6 35. Rxg6+ Kxg6 36. Rxf8 Rh5 37. Rb8 Nc5 38. Rd8 Na4 39. Rg8+ Kf6
40. Rg2 Rg5 41. Rd2 Nc5 42. Kc2 Ne4 43. Re2 Rf5 44. Kd1 Nf2+ 45. Ke1 Ng4 46.
Rg2 Ne5 47. Ke2 Ng6 48. Rf2 Nf4+ 49. Ke3 Kg5 1/2-1/2

[Event "DVM U20w 2003"]
[Site "Ditzingen GER"]
[Date "2003.12.29"]
[Round "6"]
[White "Jehle, Anja"]
[Black "Hönecke, Judith"]
[Result "0-1"]
[Termination "normal"]
[Board "2.1"]
[WhiteElo "1520"]
[BlackElo "1779"]
[WhiteTeam "SV Wolfbusch"]
[BlackTeam "SV Glück auf Rüdersdorf"]
[PlyCount "54"]
[WhiteFideId "24631434"]
[BlackFideId "4696328"]
[EventCountry "GER"]
[EventRounds "7"]
[EventType "team-swiss"]
[EventDate "2003.12.26"]

1. d4 Nf6 2. c4 e6 3. Nc3 d5 4. Bg5 Nbd7 5. Nf3 c6 6. e3 Qa5 7. Nd2 dxc4 8.
Bxf6 Nxf6 9. Bxc4 Bd6 10. O-O O-O 11. f4 Nd5 12. Nxd5 exd5 13. Bd3 Re8 14. Nb3
Qc7 15. Qf3 Bd7 16. Rae1 Re7 17. h3 Rae8 18. g4 Qc8 19. f5 f6 20. h4 Qc7 21.
Kg2 Rf7 22. g5 fxg5 23. hxg5 Ref8 24. f6 gxf6 25. gxf6 Rxf6 26. Qh5 Bc8 27. Rh1
Qg7+ 0-1

[Event "DVM U20w 2003"]
[Site "Ditzingen GER"]
[Date "2003.12.29"]
[Round "6"]
[White "Sdunzik, Jennifer"]
[Black "Erben, Larissa"]
[Result "0-1"]
[Termination "normal"]
[Board "2.2"]
[WhiteElo "1693"]
[BlackElo "1497"]
[WhiteTeam "SV Glück auf Rüdersdorf"]
[BlackTeam "SV Wolfbusch"]
[PlyCount "78"]
[WhiteFideId "24620475"]
[BlackFideId "24634590"]
[EventCountry "GER"]
[EventRounds "7"]
[EventType "team-swiss"]
[EventDate "2003.12.26"]

1. e4 e5 2. Bc4 Nf6 3. Nc3 Nc6 4. d3 Bb4 5. Nge2 Nd4 6. O-O Bc5 7. a3 c6 8. b4
Bb6 9. Bg5 h6 10. Bh4 O-O 11. Kh1 d6 12. Na4 Nxe2 13. Qxe2 Bc7 14. Bb3 b5 15.
Nb2 a5 16. c4 Be6 17. Bc2 Bb6 18. Rab1 axb4 19. axb4 Bd4 20. Bg3 g6 21. f4 Nh5
22. f5 Nxg3+ 23. hxg3 Bd7 24. f6 Ra2 25. Bb3 Ra3 26. Nd1 Qb6 27. Qd2 Kh7 28.
Qe1 Rfa8 29. Nf2 Ra1 30. Nh3 Rxb1 31. Qxb1 Ra1 32. Qxa1 Bxa1 33. Rxa1 Qd4 34.
Re1 Qxd3 35. Bd1 Qxc4 36. Nf2 Qxb4 37. Nd3 Qd2 38. Be2 c5 39. Bf1 c4 0-1

[Event "DVM U20w 2003"]
[Site "Ditzingen GER"]
[Date "2003.12.29"]
[Round "6"]
[White "Hafner, Katrin"]
[Black "Müller, Thea-Lina"]
[Result "0-1"]
[Termination "normal"]
[Board "2.3"]
[WhiteElo "1439"]
[BlackElo "1737"]
[WhiteTeam "SV Wolfbusch"]
[BlackTeam "SV Glück auf Rüdersdorf"]
[PlyCount "78"]
[WhiteFideId "24668001"]
[BlackFideId "24604054"]
[EventCountry "GER"]
[EventRounds "7"]
[EventType "team-swiss"]
[EventDate "2003.12.26"]

1. e4 c5 2. Nf3 e6 3. d4 cxd4 4. Nxd4 a6 5. Nc3 b5 6. a3 Bb7 7. Be3 Nf6 8. Bd3
Be7 9. O-O Qc7 10. Qd2 O-O 11. Rad1 d5 12. exd5 Nxd5 13. Nxd5 Bxd5 14. Be2 Nd7
15. Bf3 Nb6 16. Qa5 Qb7 17. Nxe6 fxe6 18. Qxb6 Qxb6 19. Bxb6 Bxf3 20. gxf3 Rxf3
21. Rfe1 Rf6 22. Bd4 Rg6+ 23. Kf1 Kf7 24. Be5 Ke8 25. Rd3 Rc8 26. c3 Rd8 27.
Rxd8+ Bxd8 28. Rd1 Rg5 29. Re1 Ke7 30. Re3 g6 31. f4 Rf5 32. Re4 Bb6 33. c4 Rf8
34. cxb5 axb5 35. a4 bxa4 36. Rxa4 Rc8 37. Ra1 Rc2 38. Rb1 Rxh2 39. b4 Rh1+ 0-1

[Event "DVM U20w 2003"]
[Site "Ditzingen GER"]
[Date "2003.12.29"]
[Round "6"]
[White "Busse, Nadine"]
[Black "Mijatovic, Andrea"]
[Result "1-0"]
[Termination "normal"]
[Board "2.4"]
[WhiteElo "1664"]
[BlackElo "1275"]
[WhiteTeam "SV Glück auf Rüdersdorf"]
[BlackTeam "SV Wolfbusch"]
[PlyCount "61"]
[WhiteFideId "24632023"]
[BlackFideId "14514524"]
[EventCountry "GER"]
[EventRounds "7"]
[EventType "team-swiss"]
[EventDate "2003.12.26"]

1. e4 c5 2. Nf3 Nc6 3. d4 cxd4 4. Nxd4 Nf6 5. Nc3 e5 6. Ndb5 d6 7. Bg5 a6 8.
Na3 b5 9. Bxf6 gxf6 10. Nd5 Bg7 11. c3 O-O 12. Nc2 Be6 13. Nce3 Ne7 14. g3 Nxd5
15. Nxd5 f5 16. exf5 Bxf5 17. Bg2 Rc8 18. O-O Be6 19. a4 Rc5 20. axb5 axb5 21.
Qd2 Re8 22. Ra6 Qd7 23. Rxd6 Qa7 24. Nb4 Bc4 25. Rd1 Rcc8 26. Rd7 Qb6 27. Nd5
Qe6 28. Nc7 Rxc7 29. Rxc7 Qh6 30. Qd7 Re6 31. Qxf7+ 1-0

[Event "DVM U20w 2003"]
[Site "Ditzingen GER"]
[Date "2003.12.29"]
[Round "6"]
[White "Schulz, Stefanie"]
[Black "Beltz, Franziska"]
[Result "1-0"]
[Termination "time forfeit"]
[Board "3.1"]
[WhiteElo "2097"]
[BlackElo "1987"]
[WhiteTeam "SK König Tegel 49"]
[BlackTeam "SC Leipzig-Gohlis"]
[PlyCount "173"]
[WhiteFideId "4693060"]
[BlackFideId "4681401"]
[EventCountry "GER"]
[EventRounds "7"]
[EventType "team-swiss"]
[EventDate "2003.12.26"]

1. e4 c5 2. Nf3 d6 3. d4 cxd4 4. Bc4 Nf6 5. Qe2 Nc6 6. h3 e6 7. O-O Be7 8. Rd1
O-O 9. c3 Ne5 10. Bb3 Nxf3+ 11. Qxf3 dxc3 12. Nxc3 Qa5 13. Bd2 Qh5 14. Qd3 a6
15. Bf4 e5 16. Bg3 Be6 17. Nd5 Bxd5 18. Bxd5 Rab8 19. Rac1 Ne8 20. Qb3 Bh4 21.
Rd3 Qg5 22. Rc2 Bxg3 23. Rxg3 Qe7 24. Rgc3 g6 25. Qb6 Nf6 26. Rc7 Qd8 27. Qb3
Qe8 28. Rxb7 Nxd5 29. Qxd5 Rxb7 30. Qxb7 Qa4 31. b3 Qd4 32. Qd5 Qb4 33. g3 Kg7
34. Rc6 Qe1+ 35. Kg2 Qe2 36. Rxd6 Qxa2 37. Qxe5+ Kg8 38. Qd5 Qe2 39. Rd7 h5 40.
Rd6 Kg7 41. Qd4+ Kg8 42. h4 Re8 43. Rd8 Rxd8 44. Qxd8+ Kg7 45. Qd4+ Kg8 46. Qd5
Kg7 47. e5 Kg8 48. Qd4 Kf8 49. Qe3 Qc2 50. Qf3 Qc8 51. Qd3 Qc6+ 52. f3 Qe6 53.
Qe3 Qc6 54. Qe4 Qe6 55. Qb4+ Kg7 56. Qc3 Kg8 57. Kf2 Qh3 58. f4 Qe6 59. Ke2 Qd5
60. Qd3 Qg2+ 61. Kd1 Qg1+ 62. Kc2 Qc5+ 63. Qc3 Qf2+ 64. Kb1 Qf1+ 65. Kb2 Qe2+
66. Ka3 Qb5 67. Qe3 Qa5+ 68. Kb2 Qb5 69. e6 fxe6 70. Qxe6+ Kh7 71. Qe7+ Kg8 72.
Qe4 Kh7 73. Qc4 Qb7 74. Qe2 Qg7+ 75. Qe5 Qd7 76. Qc3 Qe7 77. Qd3 Qf6+ 78. Ka2
Qe6 79. Ka3 Qe7+ 80. Ka4 Qe6 81. Ka5 Kh6 82. Qc3 Kh7 83. Qc7+ Kh6 84. Qe5 Qc8
85. b4 Kh7 86. Qe7+ Kh6 87. Qf6 1-0

[Event "DVM U20w 2003"]
[Site "Ditzingen GER"]
[Date "2003.12.29"]
[Round "6"]
[White "Beltz, Carmen"]
[Black "Rath, Alina"]
[Result "0-1"]
[Termination "normal"]
[Board "3.2"]
[WhiteElo "1752"]
[BlackElo "1724"]
[WhiteTeam "SC Leipzig-Gohlis"]
[BlackTeam "SK König Tegel 49"]
[PlyCount "116"]
[WhiteFideId "24608726"]
[BlackFideId "24607886"]
[EventCountry "GER"]
[EventRounds "7"]
[EventType "team-swiss"]
[EventDate "2003.12.26"]

1. e4 c5 2. Nf3 Nc6 3. d4 cxd4 4. Nxd4 Nf6 5. Nc3 d6 6. Bc4 a6 7. Bb3 e6 8. Be3
Be7 9. Qe2 O-O 10. O-O-O Bd7 11. g4 Nxd4 12. Bxd4 e5 13. Be3 Bxg4 14. f3 Be6
15. Rhg1 Kh8 16. Qg2 Rg8 17. Nd5 Nxd5 18. Bxd5 Bxd5 19. Rxd5 Qc8 20. f4 exf4
21. Bxf4 Qe6 22. Qf3 Rad8 23. Rh5 g6 24. Rd5 Rge8 25. Rgd1 Kg7 26. Qd3 Bf6 27.
Rxd6 Rxd6 28. Bxd6 Qxe4 29. Qb3 Qe3+ 30. Kb1 Qxb3 31. axb3 Bd8 32. Bg3 Bf6 33.
Rd7 b5 34. Ra7 Re6 35. Kc1 h5 36. c3 g5 37. Kd2 h4 38. Bb8 Kg6 39. Rd7 Be5 40.
Bxe5 Rxe5 41. c4 bxc4 42. bxc4 a5 43. Rd3 g4 44. Rc3 Rc5 45. Ke2 f5 46. Kf2 Kg5
47. b3 f4 48. Rd3 Kf5 49. Rd8 Ke4 50. Rf8 g3+ 51. hxg3 fxg3+ 52. Kg2 Rf5 53.
Re8+ Kf4 54. Re2 Kg4 55. Re4+ Rf4 56. Re2 h3+ 57. Kg1 h2+ 58. Kg2 Rf2+ 0-1

[Event "DVM U20w 2003"]
[Site "Ditzingen GER"]
[Date "2003.12.29"]
[Round "6"]
[White "Neldner, Uta"]
[Black "Helmbold, Irene"]
[Result "0-1"]
[Termination "normal"]
[Board "3.3"]
[WhiteElo "1702"]
[BlackElo "1719"]
[WhiteTeam "SK König Tegel 49"]
[BlackTeam "SC Leipzig-Gohlis"]
[PlyCount "72"]
[WhiteFideId "24604070"]
[BlackFideId "24600873"]
[EventCountry "GER"]
[EventRounds "7"]
[EventType "team-swiss"]
[EventDate "2003.12.26"]

1. d4 Nf6 2. e3 c5 3. f4 d5 4. Nf3 Nc6 5. c3 g6 6. Bd3 cxd4 7. exd4 Bg4 8. O-O
Bg7 9. Qe1 Bxf3 10. Rxf3 O-O 11. f5 Qd7 12. Qh4 e6 13. Bg5 Ne4 14. Bxe4 dxe4
15. Rh3 h5 16. f6 Bh8 17. Qxe4 Qd5 18. Qh4 Qf5 19. g4 Qxg4+ 20. Qxg4 hxg4 21.
Rg3 Rad8 22. Rxg4 e5 23. dxe5 Nxe5 24. Rg3 Rd1+ 25. Kf2 Nd3+ 26. Ke2 Nxb2 27.
c4 Re8+ 28. Kf2 Ree1 29. Re3 Rf1+ 30. Ke2 Rde1+ 31. Kd2 Nxc4+ 32. Kc2 Nxe3+ 33.
Bxe3 Rxe3 34. a4 Ree1 35. h4 Bxf6 36. Ra3 Rxb1 0-1

[Event "DVM U20w 2003"]
[Site "Ditzingen GER"]
[Date "2003.12.29"]
[Round "6"]
[White "Salden, Franziska"]
[Black "König, Laura"]
[Result "1-0"]
[Termination "normal"]
[Board "3.4"]
[WhiteElo "1471"]
[BlackElo "1183"]
[WhiteTeam "SC Leipzig-Gohlis"]
[BlackTeam "SK König Tegel 49"]
[PlyCount "69"]
[WhiteFideId "24601268"]
[EventCountry "GER"]
[EventRounds "7"]
[EventType "team-swiss"]
[EventDate "2003.12.26"]

1. e4 Nf6 2. e5 Nd5 3. Nc3 Nxc3 4. bxc3 d5 5. d4 Bf5 6. f4 e6 7. Nf3 c5 8. Bd3
Bxd3 9. Qxd3 cxd4 10. cxd4 Be7 11. O-O O-O 12. f5 exf5 13. Qxf5 Nc6 14. c3 Rc8
15. Ng5 Bxg5 16. Bxg5 Qe8 17. Rf3 Ne7 18. Qg4 Ng6 19. h4 Qe6 20. Qg3 h5 21. Re3
a6 22. Qf3 b5 23. Qxh5 Rfe8 24. Qf3 a5 25. Qg3 b4 26. h5 Nf8 27. cxb4 axb4 28.
Rf3 Nh7 29. Bh4 Rc4 30. Rf6 Qd7 31. Rd6 Qb7 32. h6 g6 33. Rxg6+ fxg6 34. Qxg6+
Kf8 35. Rf1+ 1-0

[Event "DVM U20w 2003"]
[Site "Ditzingen GER"]
[Date "2003.12.29"]
[Round "6"]
[White "Reiske, Anne"]
[Black "Wolfram, Julia"]
[Result "1-0"]
[Termination "normal"]
[Board "4.1"]
[WhiteElo "1631"]
[BlackElo "1406"]
[WhiteTeam "TSG Mutterstadt"]
[BlackTeam "TSV Zeulenroda"]
[PlyCount "65"]
[WhiteFideId "24635472"]
[EventCountry "GER"]
[EventRounds "7"]
[EventType "team-swiss"]
[EventDate "2003.12.26"]

1. e4 c5 2. Nf3 Nc6 3. d4 cxd4 4. Nxd4 g6 5. Nc3 Bg7 6. Be3 Nf6 7. Qd2 O-O 8.
O-O-O d6 9. f3 a6 10. Be2 Qa5 11. g4 Bd7 12. h4 b5 13. Nb3 Qc7 14. h5 Na5 15.
hxg6 Nxb3+ 16. axb3 fxg6 17. g5 Nh5 18. Nd5 Qd8 19. Bb6 Qe8 20. Nc7 Qf7 21.
Nxa8 Rxa8 22. Be3 Rc8 23. Kb1 Ng3 24. Rh4 Nh5 25. f4 Ng3 26. Bf3 Bc6 27. Qg2
Nh5 28. Bxh5 gxh5 29. f5 Rf8 30. Qh3 Be8 31. Rh1 Be5 32. g6 Qg7 33. Rxh5 1-0

[Event "DVM U20w 2003"]
[Site "Ditzingen GER"]
[Date "2003.12.29"]
[Round "6"]
[White "Knolle, Lisa"]
[Black "Hetterich, Tanja"]
[Result "0-1"]
[Termination "normal"]
[Board "4.4"]
[WhiteElo "1325"]
[BlackElo "1140"]
[WhiteTeam "TSV Zeulenroda"]
[BlackTeam "TSG Mutterstadt"]
[PlyCount "74"]
[EventCountry "GER"]
[EventRounds "7"]
[EventType "team-swiss"]
[EventDate "2003.12.26"]

1. e4 c5 2. Nf3 d6 3. d4 cxd4 4. Nxd4 Nf6 5. Nc3 g6 6. Be3 Bg7 7. Be2 O-O 8. f4
Nbd7 9. O-O Nc5 10. e5 Nfe4 11. Nf3 Bg4 12. h3 Bxf3 13. Bxf3 Ng3 14. Rf2 Nf5
15. Qe1 Nxe3 16. Qxe3 Rb8 17. Bd5 b6 18. Rd1 e6 19. Bf3 d5 20. Rfd2 Bh6 21. Nb5
Qh4 22. Bg4 Ne4 23. Rd3 Rbc8 24. c3 g5 25. g3 gxf4 26. gxf4 a6 27. Nd4 Kh8 28.
b3 Rg8 29. c4 Rc7 30. cxd5 exd5 31. Nf5 Rxg4+ 32. hxg4 Qxg4+ 33. Kf1 Qxf5 34.
Rxd5 Rc3 35. Qg1 Ng3+ 36. Kf2 Qxf4+ 37. Ke1 Qe4+ 0-1

[Event "DVM U20w 2003"]
[Site "Ditzingen GER"]
[Date "2003.12.29"]
[Round "6"]
[White "Weiß, Katharina"]
[Black "Stutz, Andrea"]
[Result "1/2-1/2"]
[Termination "normal"]
[Board "5.1"]
[WhiteElo "1618"]
[BlackElo "1983"]
[WhiteTeam "ESV Delitzsch"]
[BlackTeam "SC Tamm 74"]
[PlyCount "34"]
[WhiteFideId "24692859"]
[BlackFideId "4697146"]
[EventCountry "GER"]
[EventRounds "7"]
[EventType "team-swiss"]
[EventDate "2003.12.26"]

1. e4 d5 2. exd5 Nf6 3. d4 Nxd5 4. c4 Nb6 5. Nf3 Bg4 6. h3 Bh5 7. Nc3 e6 8. Bf4
a6 9. Bd3 Be7 10. Qe2 Nc6 11. Be5 Bf6 12. Bxf6 Qxf6 13. Ne4 Qd8 14. Nc5 Nxd4
15. Nxb7 Bxf3 16. gxf3 Nxe2 17. Nxd8 Rxd8 1/2-1/2

[Event "DVM U20w 2003"]
[Site "Ditzingen GER"]
[Date "2003.12.29"]
[Round "6"]
[White "Bonfert, Nadine"]
[Black "Müller, Silvana"]
[Result "1/2-1/2"]
[Termination "normal"]
[Board "5.2"]
[WhiteElo "1584"]
[BlackElo "1418"]
[WhiteTeam "SC Tamm 74"]
[BlackTeam "ESV Delitzsch"]
[PlyCount "24"]
[WhiteFideId "4633636"]
[EventCountry "GER"]
[EventRounds "7"]
[EventType "team-swiss"]
[EventDate "2003.12.26"]

1. e4 c5 2. Nf3 d6 3. Nc3 Nf6 4. Bc4 Bg4 5. d3 g6 6. O-O Bg7 7. Be3 O-O 8. h3
Bxf3 9. Qxf3 Nc6 10. Rab1 Ne5 11. Qe2 Nxc4 12. dxc4 a6 1/2-1/2

[Event "DVM U20w 2003"]
[Site "Ditzingen GER"]
[Date "2003.12.29"]
[Round "6"]
[White "Warnick, Anita"]
[Black "Rüdel, Anita"]
[Result "0-1"]
[Termination "normal"]
[Board "5.3"]
[WhiteElo "883"]
[BlackElo "1438"]
[WhiteTeam "ESV Delitzsch"]
[BlackTeam "SC Tamm 74"]
[PlyCount "60"]
[EventCountry "GER"]
[EventRounds "7"]
[EventType "team-swiss"]
[EventDate "2003.12.26"]

1. e4 e6 2. Nc3 d5 3. e5 c5 4. d3 Qb6 5. Nf3 Nc6 6. Be3 d4 7. Bxd4 cxd4 8. Na4
Qa5+ 9. Qd2 Qxa4 10. b3 Qa3 11. Qc1 Qa5+ 12. Kd1 Nxe5 13. Nxd4 Qb6 14. c3 Nf6
15. f3 Bc5 16. Nc2 Ng6 17. d4 Bd6 18. Bc4 O-O 19. Ke2 Nf4+ 20. Kf2 Qc7 21. g3
N4d5 22. Ne3 Nxe3 23. Qxe3 e5 24. Kg2 exd4 25. cxd4 Re8 26. Qc3 b5 27. Bxb5
Qxc3 28. Bxe8 Qd2+ 29. Kf1 Bh3+ 30. Kg1 Qg2# 0-1

[Event "DVM U20w 2003"]
[Site "Ditzingen GER"]
[Date "2003.12.29"]
[Round "6"]
[White "Haecker, Christine"]
[Black "Kummer, Annett"]
[Result "1-0"]
[Termination "normal"]
[Board "5.4"]
[WhiteElo "1095"]
[BlackElo "817"]
[WhiteTeam "SC Tamm 74"]
[BlackTeam "ESV Delitzsch"]
[PlyCount "73"]
[EventCountry "GER"]
[EventRounds "7"]
[EventType "team-swiss"]
[EventDate "2003.12.26"]

1. e4 e5 2. Nf3 Nc6 3. Bc4 Be7 4. Nc3 Nf6 5. d4 d6 6. d5 Nb8 7. h3 O-O 8. O-O
c6 9. Re1 Nbd7 10. Bg5 cxd5 11. Nxd5 Nxd5 12. Qxd5 Qe8 13. Bxe7 Nb6 14. Qxd6
Nxc4 15. Qb4 Be6 16. Bxf8 Qxf8 17. Qxb7 Nd6 18. Qb4 Rb8 19. Qc3 Nb5 20. Qxe5
Qe8 21. Qh5 h6 22. b3 Nc3 23. Re3 Rc8 24. Qa5 Nb5 25. Rd1 Rxc2 26. Rd8 Rc1+ 27.
Kh2 Nc7 28. Rxe8+ Nxe8 29. Qxa7 Rc7 30. Qb6 Rd7 31. Qc6 Nc7 32. Ne5 Re7 33. Rd3
Bc8 34. Rd8+ Re8 35. Rxe8+ Nxe8 36. Qxe8+ Kh7 37. Qxc8 1-0

[Event "DVM U20w 2003"]
[Site "Ditzingen GER"]
[Date "2003.12.29"]
[Round "6"]
[White "Blodig, Carolin"]
[Black "Gasch, Franziska"]
[Result "1-0"]
[Termination "normal"]
[Board "6.1"]
[WhiteElo "1946"]
[BlackElo "1544"]
[WhiteTeam "Allersberger SC 2000"]
[BlackTeam "SC Leipzig-Lindenau"]
[PlyCount "129"]
[WhiteFideId "4692012"]
[BlackFideId "24632139"]
[EventCountry "GER"]
[EventRounds "7"]
[EventType "team-swiss"]
[EventDate "2003.12.26"]

1. e4 d5 2. exd5 Nf6 3. Bb5+ Nbd7 4. c4 a6 5. Ba4 g6 6. Nc3 Bg7 7. Nf3 O-O 8.
Bc2 Nb6 9. b3 Bg4 10. h3 Bd7 11. Bb2 Re8 12. O-O e6 13. dxe6 Bxe6 14. d4 c6 15.
Re1 Qc7 16. Qd2 h6 17. Rad1 Rad8 18. Ne2 Qc8 19. Nf4 Bd7 20. Ne5 Bf5 21. Qc1
Bxc2 22. Qxc2 Nbd7 23. Re2 Nxe5 24. Rxe5 Rxe5 25. dxe5 Rxd1+ 26. Qxd1 Nd7 27.
e6 fxe6 28. Bxg7 Kxg7 29. Nxe6+ Kf7 30. Nd4 Nf6 31. Nf3 Kg7 32. Qd6 Qd7 33. Qe5
Kf7 34. Qf4 Kg7 35. Kh2 Qe7 36. Qb8 Ne4 37. Kg1 Nc5 38. Ne5 Kf6 39. Ng4+ Kg7
40. Qf4 g5 41. Qd4+ Kg6 42. Ne5+ Kh7 43. b4 Ne6 44. Qe4+ Kg8 45. Qg6+ Ng7 46.
Ng4 h5 47. Nf6+ Kf8 48. Nh7+ Kg8 49. Nxg5 Qe1+ 50. Kh2 Qxf2 51. Qh7+ Kf8 52.
Qh8+ Ke7 53. Qxg7+ Ke8 54. Qg8+ Ke7 55. Qe6+ Kf8 56. Qc8+ Kg7 57. Qxb7+ Kg6 58.
Qf7+ Qxf7 59. Nxf7 Kxf7 60. a4 Ke6 61. b5 cxb5 62. cxb5 axb5 63. axb5 Kd5 64.
g4 hxg4 65. hxg4 1-0

[Event "DVM U20w 2003"]
[Site "Ditzingen GER"]
[Date "2003.12.29"]
[Round "6"]
[White "Köditz, Katja"]
[Black "Lehner, Martina"]
[Result "1-0"]
[Termination "normal"]
[Board "6.2"]
[WhiteElo "1566"]
[BlackElo "1241"]
[WhiteTeam "SC Leipzig-Lindenau"]
[BlackTeam "Allersberger SC 2000"]
[PlyCount "91"]
[EventCountry "GER"]
[EventRounds "7"]
[EventType "team-swiss"]
[EventDate "2003.12.26"]

1. d4 d5 2. Nf3 e6 3. e3 c5 4. c3 Nf6 5. Bd3 Bd6 6. Nbd2 O-O 7. e4 Nfd7 8. e5
Be7 9. O-O f6 10. exf6 Nxf6 11. Re1 Bd7 12. Qc2 c4 13. Nxc4 dxc4 14. Bxc4 g6
15. Bh6 Re8 16. Bxe6+ Bxe6 17. Rxe6 Bf8 18. Qb3 Rxe6 19. Qxe6+ Kh8 20. Ne5 Qe7
21. Qc8 Kg8 22. Bxf8 Qxf8 23. Qxb7 Nbd7 24. Nxd7 Nxd7 25. Qxd7 Qd8 26. Qxd8+
Rxd8 27. Re1 Kf7 28. b3 Rd7 29. Re4 Rd6 30. c4 Ra6 31. Re2 Ra5 32. d5 Rc5 33.
f3 Rc8 34. Kf2 Kf6 35. Ke1 Kf7 36. Kd2 Kf6 37. Kd3 Kf7 38. Kd4 Kf6 39. c5 Kf7
40. d6 Rd8 41. Kd5 Kf8 42. c6 Re8 43. Rxe8+ Kxe8 44. d7+ Kd8 45. Kd6 a5 46. c7#
1-0

[Event "DVM U20w 2003"]
[Site "Ditzingen GER"]
[Date "2003.12.29"]
[Round "6"]
[White "Lehner, Marianne"]
[Black "Spangenberg, Pia"]
[Result "0-1"]
[Termination "normal"]
[Board "6.3"]
[WhiteElo "1295"]
[BlackElo "1014"]
[WhiteTeam "Allersberger SC 2000"]
[BlackTeam "SC Leipzig-Lindenau"]
[PlyCount "144"]
[BlackFideId "4627989"]
[EventCountry "GER"]
[EventRounds "7"]
[EventType "team-swiss"]
[EventDate "2003.12.26"]

1. e4 e5 2. Bc4 Nf6 3. d3 Bc5 4. Nf3 d6 5. Nc3 Bg4 6. O-O O-O 7. a3 h6 8. Nd5
Nc6 9. c3 Nxd5 10. Bxd5 Rb8 11. Qe2 Qf6 12. Be3 Bb6 13. Bxb6 axb6 14. Bb3 Bxf3
15. Qxf3 Qxf3 16. gxf3 Kh7 17. Kh1 g5 18. Rg1 f5 19. Bd5 Kg6 20. exf5+ Kxf5 21.
Be4+ Kf6 22. h3 Rbd8 23. Bd5 Rd7 24. Rg2 Nd8 25. Bb3 c6 26. Rd1 Ne6 27. Bxe6
Kxe6 28. Rg3 Rdf7 29. Kg2 Rf4 30. Re1 Kd5 31. Re4 Rxe4 32. fxe4+ Kc5 33. Rf3
Rxf3 34. Kxf3 h5 35. a4 d5 36. b4+ Kd6 37. Kg3 Ke6 38. h4 Kf6 39. f3 Kg6 40.
Kh3 dxe4 41. dxe4 gxh4 42. Kxh4 Kh6 43. Kh3 Kg5 44. c4 Kf4 45. Kg2 h4 46. a5
bxa5 47. bxa5 Ke3 48. c5 h3+ 49. Kh2 Kxf3 50. Kxh3 Kxe4 51. Kg4 Kd3 52. Kf3 e4+
53. Kf2 Kd2 54. Kg3 e3 55. Kf4 e2 56. Ke5 e1=Q+ 57. Kd6 Qe4 58. Kc7 Qe5+ 59.
Kxb7 Qxc5 60. a6 Qb5+ 61. Ka7 c5 62. Ka8 Qc6+ 63. Ka7 c4 64. Kb8 Qxa6 65. Kc7
c3 66. Kd7 c2 67. Ke7 c1=R 68. Kd7 Qc6+ 69. Ke7 Rb1 70. Kd8 Rb8+ 71. Ke7 Rb7+
72. Kd8 Qd7# 0-1